Istanbul Metro Stations - With Map - Statistics

General Stats
  • This quiz has been taken 196 times
  • The average score is 53 of 128
Answers on the Map
Answers color-coded by a green-red scale on the quiz's map according to % correct below.
 
Answer Stats
Line Station % Correct
M4 Kadıköy
89%
M1 | M2 Yenikapı
81%
M2 Taksim
77%
M5 Üsküdar
77%
M4 Sabiha Gökçen Havalimanı
76%
M2 4. Levent
74%
M1 Bayrampaşa ‐ Maltepe
73%
M2 Hacıosman
73%
M2 | M6 Levent
73%
M1A Atatürk Havalimanı
70%
M4 Ayrılık Çeşmesi
69%
M2 | M7 Şişli - Mecidiyeköy
69%
M2 Haliç
68%
M4 Maltepe
67%
M2 Vezneciler - İstanbul Üniversitesi
66%
M2 Atatürk Oto Sanayi
65%
M2 Gayrettepe
65%
M4 | M8 Bostancı
64%
M4 Kartal
64%
M4 Pendik
64%
M4 Esenkent
62%
M2 Osmanbey
61%
M2 Şişhane - Zemin İstanbul
61%
M7 Yıldız
60%
M1 Emniyet ‐ Fatih
57%
M11 İstanbul Havalimanı
57%
M4 Acıbadem
56%
M1A Bakırköy - İncirli
56%
M5 Çekmeköy
56%
M7 | M11 Kağıthane
56%
M1B Bağcılar Meydan
55%
M6 Boğaziçi Üniversitesi - Hisarüstü
55%
M4 Fevzi Çakmak - Hastane
54%
M4 Göztepe
54%
M7 Göztepe Mahallesi
54%
M2 İTÜ - Ayazağa
53%
M5 Ümraniye
52%
M1B Esenler
51%
M1B | M3 Kirazlı
51%
M4 Ünalan
51%
M4 | M8 Kozyatağı
50%
M2 Seyrantepe
50%
M6 Etiler
49%
M4 Kurtköy
49%
M1 | M1A | M1B Otogar
49%
M5 | M8 Dudullu
48%
M9 Olimpiyat
48%
M2 Sanayi Mahallesi
48%
M1A Zeytinburnu
48%
M1 Aksaray
46%
M1A Ataköy - Şirinevler
46%
M4 Hastane - Adliye
46%
M3 Başakşehir - Metrokent
45%
M2 Darüşşafaka
45%
M5 Altunizade
44%
M3 | M7 Mahmutbey
43%
M6 Nispetiye
42%
M1 Topkapı - Ulubatlı
42%
M7 Fulya
41%
M11 Göktürk
41%
M1A Merter
40%
M4 Tavşantepe
40%
M1A Bahçelievler
39%
M5 Fıstıkağacı
38%
M4 Yenisahra
38%
M8 Huzur
37%
M7 Alibeyköy
36%
M3 Başak Konutları
36%
M1 Sağmalcılar
36%
M7 Çağlayan
35%
M3 | M9 İkitelli Sanayi
35%
M3 Kayaşehir Merkez
35%
M5 Kısıklı
35%
M1A Yenibosna
35%
M5 Bağlarbaşı
34%
M1A Davutpaşa - YTÜ
33%
M4 Gülsuyu
33%
M11 Kemerburgaz
33%
M5 Bulgurlu
32%
M5 Çarşı
32%
M1 Kocatepe
32%
M4 Küçükyalı
32%
M1A DTM ‐ İstanbul Fuar Merkezi
31%
M8 Parseller
31%
M4 Huzurevi
30%
M11 Kargo Terminali
30%
M8 Ayşekadın
27%
M5 Çakmak
27%
M11 Hasdal
27%
M4 Soğanlık
27%
M1A Terazidere
27%
M4 Yakacık - Adnan Kahveci
27%
M9 Bahariye
26%
M9 MASKO
26%
M5 Yamanevler
26%
M4 Yayalar - Şeyhli
26%
M11 İhsaniye
25%
M5 İmam Hatip Lisesi
25%
M8 MODOKO - KEYAP
25%
M1B Menderes
24%
M1B Üçyüzlü
24%
M7 Çırçır
23%
M7 Karadeniz Mahallesi
23%
M5 Ihlamurkuyu
22%
M3 İSTOÇ
21%
M5 Necip Fazıl
21%
M3 Şehir Hastanesi
21%
M3 | M7 Yenimahalle
21%
M8 İçerenköy
20%
M8 Kayışdağı
20%
M5 Altınşehir
19%
M7 Nurtepe
19%
M3 Onurkent
19%
M9 Ziya Gökalp Mahallesi
19%
M7 Giyimkent - Tekstilkent
18%
M8 İMES
18%
M8 Küçükbakkalköy
18%
M7 Kazım Karabekir
16%
M8 Emin Ali Paşa
15%
M7 Veysel Karani - Akşemsettin
15%
M8 Mevlana
14%
M7 Oruç Reis
13%
M3 Siteler
13%
M3 Toplu Konutlar
13%
M3 Turgut Özal
13%
M7 Yeşilpınar
13%
No matching quizzes found
Score Distribution
Percent of People with Each Score
Percentile by Number Answered
Your Score History
You have not taken this quiz